LIBRARY & INFORMATION CENTRE, KCAET, TAVANUR

ONLINE PUBLIC ACCESS CATALOGUE (OPAC)

Fundamentals of remote sensing / (Record no. 12189)

MARC details
000 -LEADER
fixed length control field 00471cam a2200181ua 4500
041 ## - LANGUAGE CODE
Language code of text/sound track or separate title eng
082 ## - DEWEY DECIMAL CLASSIFICATION NUMBER
Classification number 621.3678
Item number JOS/FU
100 ## - MAIN ENTRY--AUTHOR NAME
Personal name Joseph, George .
245 ## - TITLE STATEMENT
Title Fundamentals of remote sensing /
260 ## - PUBLICATION, DISTRIBUTION, ETC. (IMPRINT)
Place of publication Hyderabad :
Name of publisher Universities press India Pvt Ltd ,
Year of publication 2004.
300 ## - PHYSICAL DESCRIPTION
Number of Pages 434 ; .
500 ## - GENERAL NOTE
General note 20892-Scheme
942 ## - ADDED ENTRY ELEMENTS (KOHA)
Koha item type Books
Holdings
Withdrawn status Lost status Damaged status Home library Current library Shelving location Date acquired Full call number Accession Number Koha item type
      KAUAET KAUAET Scheme 07/04/2012 621.3678 20892 Book Bank scheme for SC students
free website counter